Vybrané kapitoly z poisťovníctva
Na minha lista:
| Autor principal: | |
|---|---|
| Outros Autores: | |
| Formato: | Livro |
| Idioma: | eslovaco |
| Publicado em: |
Banská Bystrica
BELIANUM
2023
|
| Edição: | 1. vydanie |
| Assuntos: | |
| Tags: |
Sem tags, seja o primeiro a adicionar uma tag!
|
MARC
| LEADER | 00000nam a2200000 4500 | ||
|---|---|---|---|
| 001 | 0300419 | ||
| 005 | 20241211113547.2 | ||
| 020 | |a 978-80-557-2044-9 | ||
| 041 | 0 | |a slo | |
| 044 | |a SK | ||
| 245 | 1 | 0 | |a Vybrané kapitoly z poisťovníctva |c Katarína Izáková a Jana Špirková |
| 250 | |a 1. vydanie | ||
| 264 | 1 | |a Banská Bystrica |b BELIANUM |c 2023 | |
| 300 | |a 159 s. | ||
| 610 | 2 | 0 | |a poisťovníctvo |
| 610 | 2 | 0 | |a poistenie sociálne |
| 610 | 2 | 0 | |a systémy dôchodkové |
| 610 | 2 | 0 | |a poistenie zdravotné |
| 610 | 2 | 0 | |a poistenie životné |
| 610 | 2 | 0 | |a modelovanie |
| 100 | 1 | |a Izáková, Katarína | |
| 700 | 1 | |a Špirková, Jana | |